书目信息 |
| 题名: |
离散数学
|
|
| 作者: | 毛晓光 , 刘万伟 编著 | |
| 分册: | ||
| 出版信息: | 长沙 国防科技大学出版社 2003.8 |
|
| 页数: | 259页 | |
| 开本: | 26cm | |
| 丛书名: | 理工科研究生入学考试指导丛书 | |
| 单 册: | ||
| 中图分类: | O158 | |
| 科图分类: | ||
| 主题词: | 离散数学--li san shu xue--研究生--入学考试--升学参考资料 | |
| 电子资源: | ||
| ISBN: | 7-81024-973-8 | |
| 000 | 01208nam0 2200325 450 | |
| 000 | 01242nam0 2200325 450 | |
| 000 | 01205nam0 2200313 450 | |
| 000 | 01188nam0 2200313 450 | |
| 000 | 01151nam 2200301 450 | |
| 001 | CAL 012006090697 | |
| 005 | 20071010161719.03 | |
| 010 | @a7-81024-973-8@dCNY32.00 | |
| 099 | @aCAL 012006090697 | |
| 100 | @a20060825e20052003em y0chiy0120 ea | |
| 101 | 0 | @achi |
| 102 | @aCN@b430000 | |
| 105 | @ay zq 000yy | |
| 200 | 1 | @a离散数学@Ali san shu xue@e典型题解析与实战模拟@f毛晓光, 刘万伟编著 |
| 210 | @a长沙@c国防科技大学出版社@d2003.8@h2005.7重印 | |
| 215 | @a259页@d26cm | |
| 225 | 2 | @a理工科研究生入学考试指导丛书@Ali gong ke yan jiu sheng ru xue kao shi zhi dao cong shu |
| 330 | @a本书分两部分, 第一部分涉及到离散数学的基本概念、研究方法, 第二部分为实战篇, 分为模拟试题和近几年重点院校的考研试题。 | |
| 410 | 0 | @12001 @a理工科研究生入学考试指导丛书 |
| 517 | 1 | @a典型题解析与实战模拟@Adian xing ti jie xi yu shi zhan mo ni |
| 606 | 0 | @a离散数学@Ali san shu xue@x研究生@x入学考试@j升学参考资料 |
| 690 | @aO158@v4 | |
| 701 | 0 | @a毛晓光@Amao xiao guang@4编著 |
| 701 | 0 | @a刘万伟@Aliu wan wei@4编著 |
| 801 | 0 | @aCN@c20071010 |
| 905 | @dO158@eM360 | |
| 离散数学:典型题解析与实战模拟/毛晓光, 刘万伟编著.-长沙:国防科技大学出版社,2003.8(2005.7重印) |
| 259页;26cm.-(理工科研究生入学考试指导丛书) |
| ISBN 7-81024-973-8:CNY32.00 |
| 本书分两部分, 第一部分涉及到离散数学的基本概念、研究方法, 第二部分为实战篇, 分为模拟试题和近几年重点院校的考研试题。 |
| ● |
| 相关链接 |
|
|
|
正题名:离散数学
索取号:O158/M360
 
预约/预借
| 序号 | 登录号 | 条形码 | 馆藏地/架位号 | 状态 | 备注 |
| 1 | 245710 | 202457108 | 自科库401/401自科库 42排6列2层/ [索取号:O158/M360] | 在馆 | |
| 2 | 245711 | 202457117 | 期刊室512/ [索取号:O158/M360] |
已借出,限还日期为2010.10.25 借出人:赵军民 |
|
| 3 | 245712 | 202457126 | 自科库401/401自科库 42排6列2层/ [索取号:O158/M360] | 在馆 | |
| 4 | 630807 | 206308075 | 自科库401/401自科库 42排6列2层/ [索取号:O158/M360] | 在馆 | |
| 5 | 630808 | 206308084 | 自科库401/401自科库 42排6列2层/ [索取号:O158/M360] | 在馆 | |
| 6 | 638545 | 206385455 | 自科库401/401自科库 42排6列2层/ [索取号:O158/M360] | 在馆 | |
| 7 | 638546 | 206385464 | 自科库401/401自科库 42排6列2层/ [索取号:O158/M360] | 在馆 | |
| 8 | 638547 | 206385473 | 自科库401/401自科库 42排6列2层/ [索取号:O158/M360] | 在馆 |